书目信息 |
| 题名: |
建筑施工安全知识
|
|
| 作者: | 姬海君 主编 | |
| 分册: | ||
| 出版信息: | 北京 机械工业出版社 2005.2 |
|
| 页数: | 199页 | |
| 开本: | 21cm | |
| 丛书名: | ||
| 单 册: | ||
| 中图分类: | TU714 | |
| 科图分类: | ||
| 主题词: | 建筑工程--jian zhu gong cheng--工程施工--安全技术--基本知识 , 建筑工程--jian zhu gong cheng , 工程施工--gong cheng shi gong , 安全技术--an quan ji shu | |
| 电子资源: | ||
| ISBN: | 7-111-15902-0 | |
| 000 | 01167nam0 2200325 450 | |
| 000 | 01186nam0 2200325 450 | |
| 000 | 01149nam0 2200313 450 | |
| 000 | 01106nam0 2200301 450 | |
| 000 | 01095nam0 2200301 450 | |
| 000 | 01058nam0 2200289 45 | |
| 001 | 012005000000 | |
| 005 | 20051214161948.62 | |
| 010 | @a7-111-15902-0@dCNY16.00 | |
| 100 | @a20050308d2005 em y0chiy0121 ea | |
| 101 | 0 | @achi |
| 102 | @aCN@b110000 | |
| 105 | @af z 000yy | |
| 200 | 1 | @a建筑施工安全知识@Ajian zhu shi gong an quan zhi shi@f姬海君主编 |
| 210 | @a北京@c机械工业出版社@d2005.2 | |
| 215 | @a199页@c图@d21cm | |
| 320 | @a有书目(第199页) | |
| 330 | @a本书主要针对目前建筑工人文化程度普遍较低,安全意识较弱,建筑管理尚不规范的现实特点,阐述和说明了建筑施工安全工作和知识要点,主要包括建筑工人的安全教育和培训、施工机械的安全使用等。 | |
| 606 | 0 | @a建筑工程@Ajian zhu gong cheng@x工程施工@x安全技术@x基本知识 |
| 606 | 0 | @a建筑工程@Ajian zhu gong cheng |
| 606 | 0 | @a工程施工@Agong cheng shi gong |
| 606 | 0 | @a安全技术@Aan quan ji shu |
| 690 | @aTU714@v4 | |
| 701 | 0 | @a姬海君@Aji hai jun@4主编 |
| 801 | 0 | @aCN@bSRXX@c20051214 |
| 905 | @a10447@dTU714@eJ036 | |
| 建筑施工安全知识/姬海君主编.-北京:机械工业出版社,2005.2 |
| 199页:图;21cm |
| ISBN 7-111-15902-0:CNY16.00 |
| 本书主要针对目前建筑工人文化程度普遍较低,安全意识较弱,建筑管理尚不规范的现实特点,阐述和说明了建筑施工安全工作和知识要点,主要包括建筑工人的安全教育和培训、施工机械的安全使用等。 |
| ● |
| 相关链接 |
|
|
|
正题名:建筑施工安全知识
索取号:TU714/J036
 
预约/预借
| 序号 | 登录号 | 条形码 | 馆藏地/架位号 | 状态 | 备注 |
| 1 | 548435 | 205484359 | 建筑库201/201建筑库 25排3列4层/ [索取号:TU714/J036] | 在馆 | |
| 2 | 548436 | 205484368 | 建筑库201/201建筑库 25排3列4层/ [索取号:TU714/J036] | 在馆 | |
| 3 | 548437 | 205484377 | 建筑库201/201建筑库 25排3列4层/ [索取号:TU714/J036] | 在馆 |